|
|
|
|
| LEADER |
00000nab a2200000 a 4500 |
| 001 |
vtls010035060 |
| 003 |
SK-MaSNL |
| 005 |
20260304163039.0 |
| 008 |
250507c2009 xo ||||||||o |000 b|slo |
| 015 |
|
|
|a SNBRB2009/12
|2 snkbucl
|
| 035 |
|
|
|a (uuid)07e9e6ae-d202-4987-95a0-4e3de60a6b18
|
| 035 |
|
|
|a urn:nbn:sk:snk-ab1yjy
|
| 035 |
|
|
|a (urnnbn)urn:nbn:sk:snk:ar-a018jm
|
| 038 |
|
|
|a SNKBUCL
|
| 040 |
|
|
|a SNKBUCL
|b slo
|c SNKBUCL
|e AACR2
|
| 041 |
0 |
|
|a hun
|
| 044 |
|
|
|a xo
|c SK
|
| 080 |
|
|
|a 82.09:821.111 (73)-32=511.141
|x (048)
|2 1997
|
| 080 |
|
|
|a 821.111 (73)-32=511.141
|x (048)
|2 1997
|
| 100 |
1 |
|
|a Csőke, Zoltán,
|d 1980-
|4 aut
|9 1475240
|
| 245 |
1 |
0 |
|a A Charles Bukowski menet
|c Csőke Zoltán
|
| 300 |
|
|
|b Obr.
|
| 650 |
0 |
7 |
|a psychologické poviedky, americké
|x recenzie
|2 snkbucl
|9 1101782
|
| 655 |
|
7 |
|a recenzie
|2 snkbucl
|9 21907
|
| 773 |
0 |
|
|t Kalligram : művészet és gondolat
|g Évf. XVIII, sz. december (2009), o. 103-104
|x 1335-1826
|
| 787 |
0 |
8 |
|i Rec.:
|a Bukowski, Charles, 1920-1994
|t A semmitől délre
|d Budapest : Cartaphilus, 2009
|
| 850 |
|
|
|a Slovenská národná knižnica
|
| 852 |
|
|
|a Slovenská národná knižnica
|
| 958 |
|
|
|a article27
|
| 958 |
|
|
|a OND
|
| 958 |
|
|
|a HU
|
| 958 |
|
|
|a LX
|
| 958 |
|
|
|a US
|
| 958 |
|
|
|a RC
|
| 999 |
|
|
|c 2976367
|d 2978297
|